Etiqueta de registo: 00254nam 2200025 450
001 2274675
003 http://id.bnportugal.gov.pt/bib/catbnp/2274675
010 ## $a978-972-30-2392-3
021 ## $aPT$b556594/25
100 ## $a20260303d2025 m y0pory01030103ba
101 0# $apor
102 ## $aPT
105 ## $aa z 000yy
106 ## $ar
200 1# $aManual de estimulação cognitiva através da espiritualidade$fJosé da Costa Calçada$gpref. Sérgio Luís Ferreira
205 ## $a1ª ed
210 #9 $aApelação$cPaulus,$d2025
215 ## $a379, [1] p.$cil.$d21 cm
675 ## $a793.7(035)$vBN$zpor$31260717
675 ## $a2-584(035)$vBN$zpor$31509064
700 #1 $aCalçada,$bJosé da Costa$3896645
702 #1 $aFerreira,$bSérgio Luís$4080$31988428
801 #0 $aPT$bBN$gRPC
856 41 $uhttp://rnod.bnportugal.gov.pt/ImagesBN/winlibimg.aspx?skey=&doc=2274675&img=221330&save=true
900 ## $aBIBNAC$d20260417
966 ## $lBN$mFGMON$sR. 33484 V.$x1
966 ## $lBN$mFGMON$sR. 33484 V.-D$x1
971 ## $cisantos$d20260303
972 ## $e0$z0$d20260417$vasantos
973 ## $csteixeira$d20260414